| 000 | 01217cam a2200241 4500 | ||
|---|---|---|---|
| 001 | WB@3612-628 | ||
| 008 | 041110n2004 000 0 eng u | ||
| 035 | _a(Sirsi) u127942 | ||
| 245 | _aSmall town regneration | ||
| 260 | _c2004 | ||
| 490 |
_aPlanning (for the Natural and Built Environment) _v5 November 2004, 3(1) |
||
| 490 |
_aEstates Gazette _v(0444) 30 October 2004, 42 (1) |
||
| 520 | _aThe British council of shopping centres' has published "The smaller towns report: delivering retail-led renaissance in towns and smaller cities". The report identifies how smaller towns can differentiate themselves based on competition, catchment, character, choice and convenience. It also argues that planning obligations and affordable housing requirements must be halted to enable towns and small cities to attract commercial development. This will kick-start retail-led regeneration and will attract shoppers and ultimately investors. For more information visit: http://www.bcsc.org.uk/index.asp. | ||
| 590 | _aWB | ||
| 590 | _aWB | ||
| 650 | _aREGENERATION | ||
| 650 | _aMARKET TOWNS | ||
| 650 | _aTOWN CENTRE | ||
| 650 | _aSMALL TOWNS | ||
| 650 | _aRETAILING | ||
| 690 | _aPLANNING | ||
| 942 | _n0 | ||
| 999 |
_c118293 _d118293 |
||